LIBRARY ONLINE CATALOGUE

Honeyball & Bowers' textbook on employment law / (Record no. 4333)

MARC details
000 -LEADER
fixed length control field 00626cam a22002052 4500
001 - CONTROL NUMBER
control field 0000021483
005 - DATE AND TIME OF LATEST TRANSACTION
control field 20151217145938.0
008 - FIXED-LENGTH DATA ELEMENTS--GENERAL INFORMATION
fixed length control field 120613s xx 000 0 eng d
020 ## - INTERNATIONAL STANDARD BOOK NUMBER
International Standard Book Number 0199582150 :
040 ## - CATALOGING SOURCE
Original cataloging agency KABU
Transcribing agency KABU
100 1# - MAIN ENTRY--PERSONAL NAME
Personal name Honeyball, Simon.
-- 0000182382
245 10 - TITLE STATEMENT
Title Honeyball & Bowers' textbook on employment law /
Statement of responsibility, etc. Simon Honeyball.
250 ## - EDITION STATEMENT
Edition statement 11th ed.
260 ## - PUBLICATION, DISTRIBUTION, ETC. (IMPRINT)
Place of publication, distribution, etc. Oxford :
Name of publisher, distributor, etc. O. U. P.,
Date of publication, distribution, etc. 2010.
300 ## - PHYSICAL DESCRIPTION
Extent lxiv, 479 p.
650 #0 - SUBJECT ADDED ENTRY--TOPICAL TERM
Topical term or geographic name as entry element Labor law and legislation
Geographic subdivision Great Britain.
-- 0000160356
852 1# - LOCATION
-- p4690 KES
908 ## - PUT COMMAND PARAMETER (RLIN)
Put command parameter 120613
950 ## - LOCAL HOLDINGS (RLIN)
-- 1
Holdings
Withdrawn status Lost status Source of classification or shelving scheme Not for loan Home library Current library Date acquired Total Checkouts Total Renewals Full call number Barcode Date last seen Date last checked out Price effective from Koha item type
    Library of Congress Classification   Kabarak, Main Campus Kabarak, Main Campus 17/12/2015 1 1 KD3009 .H66 2010 c. 2 013181 11/04/2023 27/01/2016 17/12/2015 General Collection
    Library of Congress Classification   Kabarak, Main Campus Kabarak, Main Campus 17/12/2015     KD3009 .H66 2010 c. 1 013179 17/12/2015   17/12/2015 General Collection
    Library of Congress Classification   Kabarak, Main Campus Kabarak, Main Campus 17/12/2015 1   KD3009 .H66 2010 c. 4 013177 16/12/2017 18/10/2017 17/12/2015 General Collection
    Library of Congress Classification   Kabarak, Main Campus Kabarak, Main Campus 17/12/2015     KD3009 .H66 2010 c. 3 013180 17/12/2015   17/12/2015 General Collection
    Library of Congress Classification   Kabarak, Main Campus Kabarak, Main Campus 17/12/2015     KD3009 .H66 2010 c. 5 013178 17/12/2015   17/12/2015 General Collection